| 000 | 00367nam a22001457a 4500 | ||
|---|---|---|---|
| 003 | OSt | ||
| 008 | 250128b |||||||| |||| 00| 0 eng d | ||
| 041 | _aeng | ||
| 100 |
_aKhurmi, RS _96938 |
||
| 245 | _aText Book of Engineering Mechanics ( Applied Mechanics ) | ||
| 250 | _aReprint | ||
| 260 |
_aNew Delhi: _bS Chand & Co Ltd, _c1991 |
||
| 300 | _a388p. | ||
| 942 | _cBK | ||
| 999 |
_c19166 _d19166 |
||